Kaguya-sama Love is War Personnages - Statistiques

Statistiques générales
  • Ce quiz a été pris 49 fois
    19 depuis la dernière actualisation
  • Le résultat moyen est 10 sur 67
Statistiques - réponses
Indice Réponse % Correct
Vice-Présidente du BDE Kaguya Shinomiya
100%
Secrétaire du BDE Chika Fujiwara
94%
Président du BDE Miyuki Shirogane
94%
Trésorier du BDE Yû Ishigami
94%
Domestique de Kaguya Ai Hayasaka
88%
Sœur de Miyuki Kei Shirogane
63%
Inspectrice des Finances du BDE Miko Iino
63%
Membre du Club de Volontariat Maki Shijô
50%
Vice-Capitaine du Club des Supportaires Tsubame Koyasu
50%
Ancien Petit Ami de la Camarade de Yu Ko Ogino
25%
Présidente du Club de Volontariat Nagisa Kashiwagi
25%
Membre du Club de Volontariat Tsubasa Tanuma
25%
Élève de la Shûchiin Hifumi Abe
19%
Membre du Comité de Discipline Kobachi Osaragi
19%
Frère de Maki Mikado Shijô
19%
Membre du Club des Supportaires Rei Onodera
19%
Directeur de la Shûchiin Adolphe Pescarolo
13%
Étudiante Française Betsy Beltoise
13%
Père de Kaguya Gan'an Shinomiya
13%
Membre des Filles Inaccessibles Koromo Shiranui
13%
Ancienne Camarade de Yu Kyoko Ootomo
13%
Sœur de Chika Moeha Fujiwara
13%
Présidente du Club d'Astronomie Momo Ryûju
13%
Père de Miyuki M. Shirogane
13%
Mère de Kaguya Nayotake Shimizu
13%
Frère de Kaguya Un'yo Shinomiya
13%
Père de Chika Daichi Fujiwara
6%
Élève en Crush sur Tsubame Daiki Sato
6%
Mère de Miyuki Mme Shirogane
6%
Mère de Ai Nao Hayasaka
6%
Chien de Chika Pes
6%
Membre du Club de Journalisme Erika Kose
0%
Ami de Miyuki Go Kazamatsuri
0%
Chat des Abe Gomanosuke
0%
Concurrent au Poste de Président du BDE Hayato Hongo
0%
Professeur de la Shûchiin Hikaru Ôbayashi
0%
Quatre Empereurs du Ramen de Tokyo J. Suzuki de Koenji
0%
Membre du Club de Journalisme Karen Kino
0%
Capitaine du Club des Supportaires Kazeno
0%
Nouvelle Inspectrice des Finances du BDE Kogane Kanegae
0%
Président du Club de Kendo Kojima
0%
Membre du Club de Jeux de Société Kozue Makihara
0%
Professeure de la Shûchiin Machida Komari
0%
Mère de Chika Maho Fujiwara
0%
Père de Maki Makoto Shijô
0%
Élève en Crush sur Tsubame Masaru Kobayashi
0%
Père de Ai Masato Hayasaka
0%
Quatre Empereurs du Ramen de Tokyo Mashimashima de Jinbochô
0%
Amie de Ai Mirin Hinokuchi
0%
Nouvelle Secrétaire du BDE Mitama Tôno
0%
Frère de Kaguya Oko Shinomiya
0%
Quatre Empereurs du Ramen de Tokyo Saburo Odajima
0%
Ami de Miyuki Saburo Toyosaki
0%
Frère de Kaguya Seiryû Shinomiya
0%
Buteur de l'Équipe de Foot Shindo Watabe
0%
Présidente du Club de Journalisme Shizuku Asahi
0%
Docteur Shôzô Tanuma
0%
Amie de Ai Subaru Suruga
0%
Nouveau Trésorier Taikoku Takano
0%
Quatre Empereurs du Ramen de Tokyo Takahiko Tanuma
0%
Pianiste Tamaki Hôrai
0%
Élève en Crush sur Tsubame Teppei Tanaka
0%
Membre du Club de Jeux de Société Terashima
0%
Voyou Expert dans son Domaine Tetsu
0%
Sœur de Chika Toyomi Fujiwara
0%
Serviteur du Frère de Kaguya Yakumo Amano
0%
Présidente du Club d'Ocultisme Yume Atenbo
0%
Aucun quiz correspondant
Distribution des résultats
% des personnes avec chaque résultat
Percentile par nombre de réponses
Votre historique - résultats
Vous n’avez pas pris ce quiz depuis la dernière actualisation